000 00445cam a22001337a 4500
008 180718b1979 xxu||||| |||| 00| 0 eng d
082 _aA81x54 In2/71/1/Pt2C/3/2
100 _aCensus of India 1971
245 _aIndia: social and cultural tables
260 _aDelhi
_bThe Controller of Publications
_c1979
300 _a549+p.
440 _aCensus of India 1971. Series-1, India. Part II-C (iii), vol.II
500 _aContents: Tables F-IV and F-V
999 _c484786
_d484786